000 00273nam a2200121Ia 4500
008 190216s9999||||xx |||||||||||||| ||und||
100 _aWilliam C Reynolds
245 0 _aThermodynamics
260 _bMcgraw -hill
_c1968
300 _a496p
650 _aChemistry
942 _cBK
999 _c2049
_d2049